Szczegóły MARC21

Memoiren : 1968-1973 /

003 -Nazwa inst., której nr kontr. jest w polu 001 [,]
    • @
    • Nazwa instytucji, której n kontrolny jest w polu 001
    • NUKAT
005 -DATA I CZAS OSTATNIEJ MODYFIKACJI [,]
    • @
    • pole kontrolne
    • 20241231085602.0
020 -Międzynarod. znormalizowany nr książki - ISBN [ , ]
    • a
    • Numer ISBN
    • 3570031381 Find
040 -Instytucja sporządzająca opis [ , ]
    • a
    • Instytucja, która sporządziła opis (NP)
    • KAT U/AW
    • c
    • Instytucja, która sporządziła rekord (NP)
    • KAT U/AWmok
    • d
    • Instytucja, która zmodyfikowała rekord (P)
    • KAT U/AWs
942 -Rodzaj dokumentu [ , ]
    • c
    • Rodzaj dokumentu
    • Książka
100 -Hasło główne - nazwa osobowa [1, ]
    • a
    • Nazwa osobowa (NP)
    • Kissinger, Henry
    • d
    • Daty biograficzne (NP)
    • (1923-2023).
    • 9
    • KHW
    • 18278
245 -Strefa tytułu i oznaczenia odpowiedzialności [1,0]
    • a
    • Tytuł
    • Memoiren : Find
    • b
    • Ciąg dalszy tytułu (NP)
    • 1968-1973 / Find
    • c
    • Pozostałe elementy strefy tytułu i oznaczenia odpowiedzialności (NP)
    • Henry A. Kissinger ; aus dem Amerikanischen von Hans-Jürgen von Koskull.
246 -Wariant tytułu [1, ]
    • i
    • Tekst wyświetlany na ekranie monitora (NP)
    • Tyt. oryg.:
    • a
    • Tytuł (NP)
    • White House years
260 -Strefa adresu wydawniczego [ , ]
    • a
    • Miejsce wydania (P)
    • München :
    • b
    • Nazwa wydawcy (P)
    • C. Bertelsmann Verlag,
    • c
    • Data wydania (P)
    • 1979.
300 -Strefa opisu fizycznego [ , ]
    • a
    • Określenie formy książki i/lub objętość (NP)
    • 1632 s. :
    • b
    • Oznaczenie ilustracji (NP)
    • il. ;
    • c
    • Format (NP)
    • 22 cm.
336 -Typ zawartości [ , ]
    • a
    • Termin opisujący typ zawartości
    • Tekst
    • b
    • Kod określający zawartość
    • txt
    • 2
    • Źródło (terminu i kodu)
    • rdacontent
337 -Typ mediów [ , ]
    • a
    • Tryb odtwarzania
    • Bez urządzenia pośredniczącego
    • b
    • Kod typu mediów
    • n
    • 2
    • Źródło (terminu i kodu)
    • rdamedia
338 -Typ/rodzaj nośnika [ , ]
    • a
    • Hasło opisujące typ nośnika
    • Wolumin
    • b
    • Kod typu nośnika
    • nc
    • 2
    • Źródło (terminu i kodu)
    • rdacarrier
600 -Hasło przedmiotowe w formie nazwy osobowej [1,7]
    • a
    • Nazwa osobowa
    • Nixon, Richard M.
    • d
    • Daty związane z nazwą
    • (1913-1994).
    • 2
    • Źródło terminu
    • kaba
    • 9
    • KHW
    • 53777
600 -Hasło przedmiotowe w formie nazwy osobowej [1,7]
    • a
    • Nazwa osobowa
    • Kissinger, Henry
    • d
    • Daty związane z nazwą
    • (1923-2023).
    • 2
    • Źródło terminu
    • kaba
    • 9
    • KHW
    • 18278
650 -Hasło przedmiotowe [ ,7]
    • a
    • Hasło przedmiotowe
    • Mężowie stanu
    • z
    • Określnik geograficzny
    • Stany Zjednoczone
    • v
    • Określnik formalny
    • biografie.
    • 2
    • Źródło terminu
    • kaba
    • 9
    • KHW
    • 361425
651 -Hasło przedmiotowe w formie nazwy geograficznej [ ,7]
    • a
    • Nazwa geograficzna
    • Stany Zjednoczone
    • x
    • Określnik rzeczowy
    • stosunki zagraniczne
    • y
    • Określnik chronologiczny
    • 1969-1974.
    • 2
    • Źródło terminu
    • kaba
    • 9
    • KHW
    • 130999
700 -Hasło dodatkowe - nazwa osobowa [1, ]
    • a
    • Nazwa osobowa (NP)
    • Koskull, Hans Jürgen von. Find
    • e
    • Określenie rodzaju współpracy
    • Tł.
    • 9
    • KHW
    • 458102
920 -ISBN [ , ]
    • a
    • ISBN
    • 3-570-03138-1 Find
Data inwentaryzacji Lokalizacja Numer inwentarzowy Status udost. Sygnatura Obwoluta
2018-07-17BMBC.10358-3Germ. Polityka 131